Normal view
MARC view
- Morris, James Winston,
Entry Personal Name
001 - CONTROL NUMBER
- control field: 35703
003 - CONTROL NUMBER IDENTIFIER
- control field: NUST
005 - DATE AND TIME OF LATEST TRANSACTION
- control field: 20210217140307.0
008 - FIXED-LENGTH DATA ELEMENTS
- fixed length control field: 210217|| aca||aabn | a|a d
040 ## - CATALOGING SOURCE
- Original cataloging agency: NUST
- Transcribing agency: NUST
100 ## - HEADING--PERSONAL NAME
- Personal name: Morris, James Winston,
- Dates associated with a name: 1949-
670 ## - SOURCE DATA FOUND
- Source citation: Work cat.: (NUST)0: Morris, James Winston, 1949-, The reflective heart :, 2005.
